005460000a2200145000450024501560000065100360015665300420019204100140023404400130024870000250026170000210028670000300030710000220033777300410035910aDinámica poblacional del patocuervo (Phalacrocorax brasilianus) y su efecto sobre el recurso pesquero en la represa del Río Calima, Valle del Cauca 4dVallelRepresa del Río Calima ePhalacrocorax brasilianusvPatocuervo0 aEspañol aColombia1 aJohnston G., Richard1 aChasqui V., Luis1 aReyes Gutiérrez, Milton1 aMorales, Germán1 tCespedesiamDic.h79q7-19d2002g25